A Short textbook of preventive medicine for the tropics / (Record no. 9002)
[ view plain ]
| 000 -LEADER | |
|---|---|
| fixed length control field | 00693cam a22002172 4500 |
| 001 - CONTROL NUMBER | |
| control field | 0000019566 |
| 005 - DATE AND TIME OF LATEST TRANSACTION | |
| control field | 20151217152157.0 |
| 008 - FIXED-LENGTH DATA ELEMENTS--GENERAL INFORMATION | |
| fixed length control field | 110110s xx 000 0 eng d |
| 020 ## - INTERNATIONAL STANDARD BOOK NUMBER | |
| International Standard Book Number | 0340816455 |
| 040 ## - CATALOGING SOURCE | |
| Original cataloging agency | KABU |
| Transcribing agency | KABU |
| 100 1# - MAIN ENTRY--PERSONAL NAME | |
| Personal name | Lucas, Adetokunbo O. |
| -- | 0000178359 |
| 245 12 - TITLE STATEMENT | |
| Title | A Short textbook of preventive medicine for the tropics / |
| Statement of responsibility, etc. | Adetokunbo O. Lucas, Herbert M. Gilles. |
| 250 ## - EDITION STATEMENT | |
| Edition statement | 4th ed. |
| 260 ## - PUBLICATION, DISTRIBUTION, ETC. (IMPRINT) | |
| Place of publication, distribution, etc. | London : |
| Name of publisher, distributor, etc. | Hodder & Stughton, |
| Date of publication, distribution, etc. | 2003. |
| 300 ## - PHYSICAL DESCRIPTION | |
| Extent | 389p. |
| 650 #0 - SUBJECT ADDED ENTRY--TOPICAL TERM | |
| Topical term or geographic name as entry element | Medicine, Preventive |
| Geographic subdivision | Tropics. |
| -- | 0000178360 |
| 700 1# - ADDED ENTRY--PERSONAL NAME | |
| Personal name | Gilles, Herbert M. |
| -- | 0000178361 |
| 852 1# - LOCATION | |
| -- | p1140 KES |
| 908 ## - PUT COMMAND PARAMETER (RLIN) | |
| Put command parameter | 110110 |
| 950 ## - LOCAL HOLDINGS (RLIN) | |
| -- | 1 |
| Withdrawn status | Lost status | Source of classification or shelving scheme | Not for loan | Home library | Current library | Date acquired | Total Checkouts | Full call number | Barcode | Date last seen | Date last checked out | Price effective from | Koha item type |
|---|---|---|---|---|---|---|---|---|---|---|---|---|---|
| Library of Congress Classification | Kabarak, Main Campus | Kabarak, Main Campus | 17/12/2015 | 4 | RC961.5 .L83 2003 c.1 | 23080 | 21/02/2020 | 19/02/2020 | 17/12/2015 | General Collection |